Кн. 2; Пожаровзрывоопасность веществ и материалов и средства их тушения

Podrobná bibliografie
Parent link:Пожаровзрывоопасность веществ и материалов и средства их тушения: справочник/ под ред. А. Н. Баратова и А. Я. Корольченко. Кн. 2.— , 1990.— 5-7245-0408-1
Jazyk:ruština
Vydáno: 1990
Témata:
Médium: Kniha
KOHA link:https://koha.lib.tpu.ru/cgi-bin/koha/opac-detail.pl?biblionumber=47862

MARC

LEADER 00000nam2a2200000 4500
001 47862
005 20231031030641.0
010 |a 5724506041 
035 |a (RuTPU)RU\TPU\book\50048 
035 |a RU\TPU\book\50032 
090 |a 47862 
100 |a 20030226d1990 km y0rusy50 ca 
101 0 |a rus 
102 |a RU 
105 |a y g 001zy 
200 0 |a Кн. 2 
210 |d 1990 
215 |a 383 с.  |c ил. 
320 |a Библиогр.: с. 351-376. 
461 1 |0 (RuTPU)RU\TPU\book\50054  |y 5-7245-0408-1  |t Пожаровзрывоопасность веществ и материалов и средства их тушения  |o справочник  |f под ред. А. Н. Баратова и А. Я. Корольченко  |v Кн. 2  |d 1990 
610 1 |a вещества 
610 1 |a материалы 
610 1 |a пожаровзрывоопасность 
610 1 |a средства тушения 
610 1 |a справочники 
675 |a 614.841.4(035)  |v 3 
801 1 |a RU  |b 63413507  |c 20030226  |g PSBO 
801 2 |a RU  |b 63413507  |c 20201119  |g PSBO 
942 |c BK